|
|
|
|
| LEADER |
03546nam a22005535i 4500 |
| 001 |
978-3-642-13797-6 |
| 003 |
DE-He213 |
| 005 |
20151204191331.0 |
| 007 |
cr nn 008mamaa |
| 008 |
100626s2010 gw | s |||| 0|eng d |
| 020 |
|
|
|a 9783642137976
|9 978-3-642-13797-6
|
| 024 |
7 |
|
|a 10.1007/978-3-642-13797-6
|2 doi
|
| 040 |
|
|
|d GrThAP
|
| 050 |
|
4 |
|a QA76.6-76.66
|
| 072 |
|
7 |
|a UM
|2 bicssc
|
| 072 |
|
7 |
|a COM051000
|2 bisacsh
|
| 082 |
0 |
4 |
|a 005.11
|2 23
|
| 245 |
1 |
0 |
|a Arithmetic of Finite Fields
|h [electronic resource] :
|b Third International Workshop, WAIFI 2010, Istanbul, Turkey, June 27-30, 2010. Proceedings /
|c edited by M. Anwar Hasan, Tor Helleseth.
|
| 264 |
|
1 |
|a Berlin, Heidelberg :
|b Springer Berlin Heidelberg,
|c 2010.
|
| 300 |
|
|
|a 280 p. 41 illus.
|b online resource.
|
| 336 |
|
|
|a text
|b txt
|2 rdacontent
|
| 337 |
|
|
|a computer
|b c
|2 rdamedia
|
| 338 |
|
|
|a online resource
|b cr
|2 rdacarrier
|
| 347 |
|
|
|a text file
|b PDF
|2 rda
|
| 490 |
1 |
|
|a Lecture Notes in Computer Science,
|x 0302-9743 ;
|v 6087
|
| 505 |
0 |
|
|a Invited Talk 1 -- Recursive Towers of Function Fields over Finite Fields -- Efficient Finite Field Arithmetic -- High-Performance Modular Multiplication on the Cell Processor -- A Modified Low Complexity Digit-Level Gaussian Normal Basis Multiplier -- Type-II Optimal Polynomial Bases -- Pseudo-random Numbers and Sequences -- Pseudorandom Vector Sequences Derived from Triangular Polynomial Systems with Constant Multipliers -- Structure of Pseudorandom Numbers Derived from Fermat Quotients -- Boolean Functions -- Distribution of Boolean Functions According to the Second-Order Nonlinearity -- Hyper-bent Boolean Functions with Multiple Trace Terms -- Invited Talk 2 -- On the Efficiency and Security of Pairing-Based Protocols in the Type 1 and Type 4 Settings -- Functions, Equations and Modular Multiplication -- Switching Construction of Planar Functions on Finite Fields -- Solving Equation Systems by Agreeing and Learning -- Speeding Up Bipartite Modular Multiplication -- Finite Field Arithmetic for Pairing Based Cryptography -- Constructing Tower Extensions of Finite Fields for Implementation of Pairing-Based Cryptography -- Delaying Mismatched Field Multiplications in Pairing Computations -- Invited Talk 3 -- Regenerating Codes for Distributed Storage Networks -- Finite Fields, Cryptography and Coding -- On Rationality of the Intersection Points of a Line with a Plane Quartic -- Reflections about a Single Checksum -- Efficient Time-Area Scalable ECC Processor Using ?-Coding Technique.
|
| 650 |
|
0 |
|a Computer science.
|
| 650 |
|
0 |
|a Computer communication systems.
|
| 650 |
|
0 |
|a Computer programming.
|
| 650 |
|
0 |
|a Data encryption (Computer science).
|
| 650 |
|
0 |
|a Algorithms.
|
| 650 |
|
0 |
|a Computer science
|x Mathematics.
|
| 650 |
1 |
4 |
|a Computer Science.
|
| 650 |
2 |
4 |
|a Programming Techniques.
|
| 650 |
2 |
4 |
|a Symbolic and Algebraic Manipulation.
|
| 650 |
2 |
4 |
|a Discrete Mathematics in Computer Science.
|
| 650 |
2 |
4 |
|a Algorithm Analysis and Problem Complexity.
|
| 650 |
2 |
4 |
|a Data Encryption.
|
| 650 |
2 |
4 |
|a Computer Communication Networks.
|
| 700 |
1 |
|
|a Hasan, M. Anwar.
|e editor.
|
| 700 |
1 |
|
|a Helleseth, Tor.
|e editor.
|
| 710 |
2 |
|
|a SpringerLink (Online service)
|
| 773 |
0 |
|
|t Springer eBooks
|
| 776 |
0 |
8 |
|i Printed edition:
|z 9783642137969
|
| 830 |
|
0 |
|a Lecture Notes in Computer Science,
|x 0302-9743 ;
|v 6087
|
| 856 |
4 |
0 |
|u http://dx.doi.org/10.1007/978-3-642-13797-6
|z Full Text via HEAL-Link
|
| 912 |
|
|
|a ZDB-2-SCS
|
| 912 |
|
|
|a ZDB-2-LNC
|
| 950 |
|
|
|a Computer Science (Springer-11645)
|